| 000 | 00535nam a2200181 a 4500 | ||
|---|---|---|---|
| 005 | 20140310183455.0 | ||
| 008 | 090806s19uu xx 00 eng d | ||
| 050 |
_aHG 3891 _b.Al48 2007 |
||
| 100 | _aAlvarez, Marc | ||
| 245 |
_aMarket data explained : _ba practical guide to global capital markets information. |
||
| 260 |
_aAmsterdam : _bElsevier, _c2007. |
||
| 300 |
_a126 p. : _bill. ; _c24 cm. |
||
| 521 | _aBSBA | ||
| 650 | _aInternational finance. | ||
| 650 | _aCapital market. | ||
| 942 |
_cBK _2lcc _kFOR |
||
| 999 |
_c23569 _d23569 |
||